| 000 | 00889nam a22003015i 4500 | ||
|---|---|---|---|
| 005 | 20230830150221.0 | ||
| 008 | 190619s2019 inu 000 0 eng | ||
| 010 | _a 2019944088 | ||
| 020 |
_a9781119581062 _q(paperback) |
||
| 040 |
_aDLC _beng _erda _cDLC |
||
| 042 | _apcc | ||
| 082 |
_a005.862 _bCLA-C |
||
| 100 | 1 | _aClarke, Glen E, | |
| 245 | 1 | 0 |
_aComptia a+(r) certification all-in-one for dummies(r), 5th edition / _cGlen E Clarke. |
| 250 | _a5th edi. | ||
| 260 |
_aUSA: _bWiley, _c2019. |
||
| 263 | _a1909 | ||
| 264 | 1 |
_aIndianapolis : _bJohn Wiley and Sons, _c2019. |
|
| 300 | _a1316 pages : | ||
| 336 |
_atext _btxt _2rdacontent |
||
| 337 |
_aunmediated _bn _2rdamedia |
||
| 338 |
_avolume _bnc _2rdacarrier |
||
| 500 | _aInclude Index. | ||
| 650 | _aOperating Systems | ||
| 906 |
_a0 _bibc _corignew _d2 _eepcn _f20 _gy-gencatlg |
||
| 999 |
_c33331 _d33331 |
||